| 000 | 00371nam a2200145Ia 4500 | ||
|---|---|---|---|
| 008 | 221030s9999 xx 000 0 und d | ||
| 041 | _aEnglish | ||
| 082 | _a105.23 | ||
| 100 | _aB. Ram | ||
| 245 | 0 |
_aFundamentals Of Microprocessors & Microcomputers _cby B. Ram |
|
| 260 |
_bDhanpat Rai Pub. _aNew Delhi _c2004 |
||
| 300 | _a13.15 | ||
| 650 | _aBE Computer | ||
| 942 | _cBK | ||
| 999 |
_c2085 _d2085 |
||